League of Legends - Pro Player - Statistiken

Allgemein
  • Dieses Quiz wurde 300 mal gespielt
  • Das Durchschnittsergebnis liegt bei 6 aus 12
Antwortstatistiken
Bildquiz Antwort % Korrekt
Faker
99%
Hans Sama
73%
Humanoid
69%
Hylissang
62%
Upset
62%
Deft
53%
Peanut
48%
CoreJJ
32%
Licorice
29%
IgNar
18%
UNF0RGIVEN
11%
Sky
1%
Keine übereinstimmenden Quizze gefunden
Verteilung der Resultate
Anzahl Personen mit jedem Resultat
Perzentil nach korrekt beantworteten Fragen
Ihre Resultats-Entwicklung
Sie haben dieses Quiz noch nicht gespielt